000 00281nam a22001097a 4500
008 160503b xxu||||| |||| 00| 0 eng d
020 _a9780763745127
041 _aeng
080 _a61
245 _aDelivering health care in america:
_cLeiyu Shi ; Douglas A. Singh;
942 _2udc
_cBK
999 _c1735
_d1735